Responses for Show #1722 - Tuesday, February 11, 1992

Frank Epstein game 5.

Contestants

[<< previous game]

Scott Brauneller, a law student from Indianapolis, Indiana

Elaine Geller, a teacher from Margate, New Jersey

Frank Epstein, a police officer from Los Angeles, California (whose 4-day cash winnings total $57,100)

[next game >>]

Jeopardy! Round responses

DOG FOOD
PREFIXES
TOYS & GAMES
HERALDRY
NUMBER, PLEASE
NATIONAL MONUMENTS
    $100 3
Kibbles

Scott
    $100 14
macro

Scott
    $100 7
a Frisbee

Frank
    $100 1
gold & silver

Scott
    $100 20
7

Scott
    $100 26
Death Valley

Frank
    $200 10
(Alex: [*], [*], I'm a [*].)

Lucky Dog

Frank
    $200 18
before

Elaine
    $200 8
(Elaine: What is tic-tac-toe?)

Scrabble

ElaineScott
    $200 2
fess

Elaine
    $200 21
3

Frank
    $200 27
Ohio

Elaine
    $300 12
tails

Triple Stumper
    $300 19
(Elaine: What is "im"?)

a

FrankElaine
    $300 9
(Scott: What is Intellivision?)

Nintendo

ElaineScott
    $300 4
the helmet

Scott
    $300 22
9

Scott
    $300 28
the Oregon Trail

Frank
    $400 13
tartar control

Frank
    $400 17
pseudo

Frank
    $400 11
(Frank: What is a bolo?)

the Yo-Yo

Frank
    $400 5
sinister

Frank
    $400 23
(Elaine: What is 60?)

6

FrankElaine
    $400 29
saguaro (or organ pipe)

Elaine
    $500 15
(Scott: What is Tender Chunks?)
(Elaine: What are Tender Vittles?)

Gaines-Burger

ElaineScott
Triple Stumper
    $500 16
super

Scott
    $500 25
(Alex: We have a minute to deal with NATIONAL MONUMENTS.)

Cootie

Scott
    $500 6
Mexico City

Frank
    $500 24
11

Scott
    $500 30
Rainbow Bridge National Monument

Triple Stumper

Scores at the first commercial break (after clue 13):

Frank Elaine Scott
$1,200 $300 $400

Scores at the end of the Jeopardy! Round:

Frank Elaine Scott
$2,900 -$100 $1,900

Double Jeopardy! Round responses

THE AMERICAN REVOLUTION
WORLD RELIGION
LANGUAGES
ISLANDS
SHAKESPEARE
ODDS & ENDS
    $200 6
Concord

Frank
    $200 11
(Elaine: Confirmation of the Jewish rite of passage.)

baptism

Elaine
Triple Stumper
    $200 1
German

Frank
    $200 22
Greenland

Scott
    $200 12
Lady Macbeth

Scott
    $200 17
"Casey at the Bat"

Scott
    $400 7
the bayonet

Scott
    $400 27
Judaism

Frank
    $400 2
(Elaine: What is the English alphabet or Arabian alphabet?)
(Frank: What is the Arabian alphabet?)

the Latin alphabet

FrankElaineScott
    $400 23
Bikini

Frank
    $400 13
Alexandria

Triple Stumper
    $400 18
kits

Frank
    $600 8
West Point

Scott
    $600 28
India

Scott
    $600 3
Basque

Frank
    $600 24
Jamaica

Frank
    $600 14
love

Frank
    $600 19
Queen

Scott
    $800 9
Thomas Paine

Frank
    $800 29
Vietnam

Frank
    $800 4
Esperanto

Scott
    $800 25
(Elaine: What is Roosevelt Island?)
(Alex: Be more specific.)
(Elaine: Teddy Roosevelt.)

Franklin Roosevelt

ElaineScott
    $800 15
Ophelia

Scott
    $800 20
an adjective

Scott
    $1000 10
von Steuben

Frank
    $1,300 30
(Frank: Oh, make Final Jeopardy! interesting, $1,300.)
(Alex: All right, working for a tie for first place.)
...
(Frank: What is... Chartres?)

the Douay version of the Bible

Frank
    $2,500 5
Slavic

Scott
    $1000 26
Mackinac Island

Triple Stumper
    $1000 16
Richard III

Frank
    $1000 21
a painter

Triple Stumper

Scores at the end of the Double Jeopardy! Round:

Frank Elaine Scott
$8,200 -$1,500 $10,800

[wagering suggestions for these scores]

Final Jeopardy! Round responses

BUSINESS & INDUSTRY
(Alex: [To Frank] The James River flows through Virginia; [*] is the capital of Virginia.)
FrankWhat is Richmond
$8,100
ScottWhat is [one letter scratched out] Alexandria?
$5,601
Richmond, Virginia

Final scores:

Frank Elaine Scott
$16,300 -$1,500 $5,199
5-day champion: $73,400 3rd place: Oneida gift certificate + Jeopardy! home game 2nd place: trip on Delta to Honolulu & stay at the Ala Moana Hotel + Jeopardy! home game

Game dynamics:

Coryat scores:

Frank Elaine Scott
$9,900 -$1,500 $9,300
23 R,
3 W
(including 2 DDs)
5 R,
7 W
23 R
(including 1 DD),
2 W

Combined Coryat: $17,700

[game clues] [game scores] [suggest correction]

Game tape date: 1991-11-19
The J! Archive is created by fans, for fans. Scraping, republication, monetization, and malicious use prohibited; this site may use cookies and collect identifying information. See terms. The Jeopardy! game show and all elements thereof, including but not limited to copyright and trademark thereto, are the property of Jeopardy Productions, Inc. and are protected under law. This website is not affiliated with, sponsored by, or operated by Jeopardy Productions, Inc. Join the discussion at JBoard.tv.